LIBRARY & INFORMATION CENTRE, KCAET, TAVANUR

ONLINE PUBLIC ACCESS CATALOGUE (OPAC)

Malayala kavya ratnakaram / (Record no. 4635)

MARC details
000 -LEADER
fixed length control field 00455cam a2200181ua 4500
041 ## - LANGUAGE CODE
Language code of text/sound track or separate title mal
082 ## - DEWEY DECIMAL CLASSIFICATION NUMBER
Classification number 891.8121
Item number KUN/MA
100 ## - MAIN ENTRY--AUTHOR NAME
Personal name Kunjan Pillai, Sooranat .
245 ## - TITLE STATEMENT
Title Malayala kavya ratnakaram /
250 ## - EDITION STATEMENT
Edition statement 1 /
260 ## - PUBLICATION, DISTRIBUTION, ETC. (IMPRINT)
Place of publication New Delhi :
Name of publisher Sahitya Academy ,
Year of publication 1962.
300 ## - PHYSICAL DESCRIPTION
Number of Pages 353 ; .
942 ## - ADDED ENTRY ELEMENTS (KOHA)
Koha item type Books
Holdings
Withdrawn status Lost status Damaged status Home library Current library Date acquired Full call number Accession Number Koha item type Public note
Withdrawn     KAUAET Malayalam University 07/04/2012 891.8121 8350 Books Transferred to Malayalam University
free website counter